| Tag |
First Indicator |
Second Indicator |
Subfields |
| LEADER |
00000cam a2200000 4500 |
| 001 |
in00000449297 |
| 005 |
20151012091701.0 |
| 008 |
720303s1962 maua b 00000 eng |
| 010 |
|
|
|a 62020480
|
| 035 |
|
|
|a (OCoLC)00255401
|
| 035 |
|
|
|9 ABY6101AM
|
| 040 |
|
|
|c WSU
|d TXA
|d UtOrBLW
|
| 049 |
|
|
|a TXAM
|c 1 [360643]
|c 2 [429409]
|
| 050 |
0 |
0 |
|a HM258
|b .M4
|
| 082 |
0 |
|
|a 301.36
|
| 100 |
1 |
|
|a Meier, Richard L.
|
| 245 |
1 |
2 |
|a A communications theory of urban growth.
|
| 264 |
|
1 |
|a [Cambridge, Mass.] :
|b Published for the Joint Center for Urban Studies of the Massachusetts Institute of Technology and Harvard University, by M.I.T. Press,
|c [1962]
|
| 300 |
|
|
|a viii, 184 pages :
|b illustrations ;
|c 25 cm.
|
| 336 |
|
|
|a text
|b txt
|2 rdacontent
|
| 337 |
|
|
|a unmediated
|b n
|2 rdamedia
|
| 338 |
|
|
|a volume
|b nc
|2 rdacarrier
|
| 504 |
|
|
|a Bibliographical footnotes.
|
| 650 |
|
0 |
|a Communication.
|
| 710 |
2 |
|
|a Joint Center for Urban Studies.
|
| 999 |
|
|
|a MARS
|
| 999 |
f |
f |
|s 5b2fb126-a3cb-32be-bec6-f2175e38f315
|i 558bbc70-94db-3077-bb90-a5946be9867c
|t 0
|
| 952 |
f |
f |
|p normal
|a Texas A&M University
|b College Station
|c Sterling C. Evans Library
|d Evans: Library Stacks
|t 0
|e HM258 .M4
|h Library of Congress classification
|i unmediated -- volume
|m A14802922255
|
| 998 |
f |
f |
|a HM258 .M4
|t 0
|l Evans: Library Stacks
|